00731 2200253 4500001002100000005001700021008004100038020001800079035002500097040001200122082000800134084001400142090001400156100002100170245011800191250001000309260002800319300002900347500003100376650002100407700001900428850001200447990001800459INLIS00000000001549320151104090821.0  a979-759-292-8 a0010-111500000000106 aYOPDYOG a630 a630 Ari P a630 Ari P aArifin, Bustanul aPembangunan PertanianbParadigma kebijakan dan strategi revitalisasic/ Bustanul Arifin ; Editor : Y.B Sudarmanto aCet.1 aJakartabGrasindoc2005 aviii ,191 hlm.c; 23 cm. aBibliografi : hlm. 187-191 aTeknik pertanian aY.B Sudarmanto aYOPDYOG a11163-PD/B.05